[Event "Let's Play Chess!"]
[Site "http://www.queenalice.com/game.php?id=717400"]
[Date "2010.1.20"]
[Round "-"]
[White "yp"]
[Black "Mamonas"]
[Result "1-0"]
[WhiteElo "1279"]
[BlackElo "1500"]

1. e4 e5 2. d4 Nc6 3. Nf3 Qf6 4. Bg5 Qg6 5. h4 Qxe4+ 6. Qe2 Qxe2+ 7. Bxe2 exd4
8. O-O d5 9. Nbd2 Bb4 10. Nb3 Bg4 11. a3 Ba5 12. Rad1 Bxf3 13. Bxf3 f6 14. Nxa5
Nxa5 15. Rfe1+ Ne7 16. Bf4 Nc4 17. Rxd4 Nxb2 18. Bxd5 Rd8 19. Bxc7 Rc8 20. Bd6
Rxc2 21. Rxe7+ Kd8 22. Bxb7 Rc1+ 23. Kh2 Re8 24. Bc7+ Kxe7 25. Bd6+ Kf7 26. Bd5+
Kg6 27. a4 Nd1 28. Bf4 Nxf2 29. Bxc1 Ng4+ 30. Rxg4+ Kh5 31. Bf3 g5 32. Re4+ 1-0

[Event "Let's Play Chess!"]
[Site "http://www.queenalice.com/game.php?id=717404"]
[Date "2010.1.20"]
[Round "-"]
[White "yp"]
[Black "Panzer85"]
[Result "1-0"]
[WhiteElo "1210"]
[BlackElo "1600"]

1. e4 e5 2. Nf3 Nc6 3. d4 Nf6 4. Nc3 Bb4 5. Qd3 O-O 6. Bd2 d6 7. O-O-O Re8 8.
dxe5 Nxe5 9. Nxe5 Rxe5 10. f4 Re8 11. e5 Ng4 12. Ne4 d5 13. Ng5 h6 14. Qh7+ Kf8
15. Bxb4+ 1-0

[Event "Let's Play Chess!"]
[Site "http://www.queenalice.com/game.php?id=717406"]
[Date "2010.1.20"]
[Round "-"]
[White "yp"]
[Black "n90203"]
[Result "1-0"]
[WhiteElo "1193"]
[BlackElo "1414"]

1. e4 e5 2. Nf3 d6 3. d4 Nf6 4. Nc3 a5 5. dxe5 dxe5 6. Nxe5 Nbd7 7. Qd4 Bc5 8.
Qc4 Nxe5 9. Qxc5 Neg4 10. Bf4 Nd7 11. Qd4 f6 12. Be2 h5 13. Bc4 c5 14. Qd5 Ra6
15. Qf7# 1-0

[Event "Let's Play Chess!"]
[Site "http://www.queenalice.com/game.php?id=723062"]
[Date "2010.1.31"]
[Round "-"]
[White "yp"]
[Black "rconley23"]
[Result "1-0"]
[WhiteElo "1397"]
[BlackElo "1170"]

1. e4 e5 2. d4 exd4 3. Qxd4 Nc6 4. Qc3 Nf6 5. Bd3 d6 6. Qb3 Na5 7. Qb4 c5 8.
Qb5+ Nc6 9. Qa4 Rb8 10. Nc3 a6 11. Be3 b5 12. Nxb5 axb5 13. Bxb5 d5 14. Bxc6+
Nd7 15. exd5 Be7 16. Qa7 Bf6 17. O-O-O O-O 18. Bxc5 Nxc5 19. Qxc5 Be7 20. d6
Bg5+ 21. Kb1 Bf6 22. c3 Bg4 23. f3 Be6 24. Bd5 Qb6 25. Qxb6 Rxb6 26. Bxe6 fxe6
27. d7 Rfb8 28. Nh3 Rxb2+ 29. Kc1 Rb1+ 30. Kc2 R1b2+ 31. Kd3 Rd8 32. Kc4 Rxa2
33. g4 Ra4+ 34. Kb3 Rb8+ 35. Kxa4 Ra8+ 36. Kb3 Be7 37. Nf4 Ra3+ 38. Kb2 Ra8 39.
Nxe6 Ba3+ 40. Kc2 Rb8 41. d8=Q+ Kf7 42. Qxb8 h6 43. Nxg7 Kxg7 44. Ra1 Be7 45.
Ra6 Kf7 46. Qb7 h5 47. Re1 h4 48. Qxe7+ Kg8 49. Ra8# 1-0

[Event "Let's Play Chess!"]
[Site "http://www.queenalice.com/game.php?id=730856"]
[Date "2010.2.12"]
[Round "-"]
[White "magalhaes_br"]
[Black "yp"]
[Result "0-1"]
[WhiteElo "1365"]
[BlackElo "1327"]

1. e4 e5 2. Nf3 Nc6 3. Bc4 Nf6 4. d3 d5 5. exd5 Nxd5 6. Ng5 f6 7. Ne4 Bf5 8. Bd2
Qd7 9. Qf3 Nd4 10. Qh5+ Bg6 11. Qh4 Nxc2+ 12. Kd1 Nxa1 13. Ke2 Nf4+ 14. Ke3
Nxg2+ 15. Ke2 Nxh4 16. Bc3 Ng2 17. Na3 Nf4+ 18. Ke3 Qh3+ 19. Kd2 Bxe4 20. dxe4
Qg2 21. Rxa1 Qxf2+ 22. Kc1 Qe3+ 23. Bd2 Qg1+ 24. Kc2 Qxa1 25. Kb3 Qd1+ 26. Kc3
Qf3+ 27. Kc2 Qxe4+ 28. Kc1 Qh1+ 29. Kc2 O-O-O 30. Bc3 Qxh2+ 31. Kb3 e4 32. Nc2
Rd1 33. Ne3 Rh1 34. Ng4 Qg1 35. Be6+ Nxe6 0-1

[Event "Let's Play Chess!"]
[Site "http://www.queenalice.com/game.php?id=732880"]
[Date "2010.2.18"]
[Round "-"]
[White "yp"]
[Black "magalhaes_br"]
[Result "0-1"]
[WhiteElo "1358"]
[BlackElo "1365"]

1. e4 e5 2. d4 Nc6 3. d5 Na5 4. Bd2 d6 5. Bxa5 b6 6. Bb5+ Bd7 7. Bxd7+ Qxd7 8.
Bb4 a5 9. Bd2 Nf6 10. Nc3 Be7 11. Qe2 c6 12. Na4 b5 13. Nb6 Qa7 14. Nxa8 Qxa8
15. dxc6 Qxc6 16. Qxb5 Qxb5 17. O-O-O O-O 18. Ne2 Qxe2 19. Be3 Rc8 20. Rd2 Qc4
21. f3 Qxa2 22. Rdd1 Qa1+ 23. Kd2 Qxb2 24. Rc1 Nd7 25. Kd3 Nb6 26. Rhf1 Qb5+ 27.
c4 Qb3+ 28. Rc3 Qb2 29. Bxb6 a4 30. Rfc1 Qxb6 0-1

[Event "Let's Play Chess!"]
[Site "http://www.queenalice.com/game.php?id=735143"]
[Date "2010.2.20"]
[Round "-"]
[White "yp"]
[Black "spawnwolfwolverine"]
[Result "1-0"]
[WhiteElo "1332"]
[BlackElo "1584"]

1. e4 e5 2. d4 exd4 3. Qxd4 Nc6 4. Qc4 d6 5. Nf3 Nf6 6. Bg5 Be7 7. Nc3 O-O 8.
O-O-O a6 9. Nd4 Nxd4 10. Qxd4 c5 11. Qc4 b5 12. Qe2 Bb7 13. Qe3 b4 14. Nd5 Bxd5
15. exd5 a5 16. Bb5 Ra7 17. Qh3 Ne4 18. Bxe7 Qxe7 19. Rhe1 f5 20. f3 Nf2 21.
Rxe7 Rxe7 22. Qg3 Nxd1 23. Kxd1 h6 24. Qg6 f4 25. Qxd6 Rfe8 26. Bxe8 Rxe8 27.
Qxc5 g5 28. Qxa5 h5 29. d6 g4 30. Qxh5 Rd8 31. Qxg4+ Kf8 32. Qxf4+ Ke8 33. Qxb4
Rxd6+ 34. Qxd6 Kf7 35. a4 Kg7 36. a5 Kf7 37. a6 Kg7 38. a7 Kf7 39. a8=Q Kg7 40.
Qa7+ Kg8 41. Qd8# 1-0

[Event "Let's Play Chess!"]
[Site "http://www.queenalice.com/game.php?id=735234"]
[Date "2010.2.21"]
[Round "-"]
[White "yp"]
[Black "Lesser"]
[Result "0-1"]
[WhiteElo "1332"]
[BlackElo "1943"]

1. e4 e5 2. Nf3 Nc6 3. d4 exd4 4. Nxd4 Nxd4 5. Qxd4 Qe7 6. Nc3 d6 7. Nd5 Qd7 8.
Bg5 c6 9. Ne3 h6 10. Bh4 Qe6 11. Bc4 Qe5 12. Qxe5+ dxe5 13. O-O-O g5 14. Bg3 f6
15. Nf5 Bxf5 16. exf5 Bc5 17. Rhe1 h5 18. f4 h4 19. fxe5 hxg3 20. exf6+ Kf8 21.
hxg3 Nxf6 22. Re6 Ng4 23. Rd7 Be3+ 24. Kd1 b5 25. Be2 Rh1+ 26. Bf1 Rxf1+ 27. Ke2
Rf2+ 28. Kd3 Rd2+ 29. Kc3 Rxd7 30. Rxc6 Ne5 31. Re6 Rc8+ 32. Kb3 Re7 33. a4
bxa4+ 34. Kxa4 Rc4+ 35. b4 Rxe6 36. fxe6 Ke7 0-1

[Event "Let's Play Chess!"]
[Site "http://www.queenalice.com/game.php?id=745310"]
[Date "2010.3.12"]
[Round "-"]
[White "yp"]
[Black "parisbestfriend"]
[Result "0-1"]
[WhiteElo "1422"]
[BlackElo "1210"]

1. e4 e5 2. d4 Nc6 3. Nf3 Qf6 4. Bg5 Qd6 5. dxe5 Nxe5 6. Qxd6 Bxd6 7. Nc3 h6 8.
Nxe5 hxg5 9. Ng4 Nf6 10. Nb5 Nxg4 11. Nxd6+ cxd6 12. h3 Nf6 13. O-O-O Nxe4 14.
Re1 d5 15. Bd3 Rh4 16. f3 d6 17. fxe4 dxe4 18. Bxe4 Kf8 19. a4 f5 20. Rhf1 Rf4
21. Rxf4 gxf4 22. Bd5 Bd7 23. Bxb7 Rb8 24. Bd5 Bxa4 25. b3 Bd7 26. Rf1 Rb5 27.
Bc4 Ra5 28. Rxf4 Ra1+ 29. Kb2 Rg1 30. Rf2 g5 31. g4 f4 32. Bd5 Bb5 33. c4 Be8
34. b4 Bg6 35. c5 Rb1+ 36. Ka3 dxc5 37. bxc5 Rc1 38. c6 Ke7 39. Re2+ Kd8 40. Rb2
Kc7 41. Rb7+ Kd6 42. Rd7+ Ke5 43. c7 Be8 44. Rg7 Kxd5 45. Rg8 Bd7 46. Rxg5+ Kd6
47. c8=N+ Bxc8 48. h4 f3 49. Rg6+ Ke7 50. Rg7+ Kf6 51. Rxa7 Ra1+ 52. Kb2 Rxa7
0-1

[Event "Let's Play Chess!"]
[Site "http://www.queenalice.com/game.php?id=747066"]
[Date "2010.3.16"]
[Round "-"]
[White "yp"]
[Black "ljkhalil"]
[Result "0-1"]
[WhiteElo "1404"]
[BlackElo "1856"]

1. e4 Nc6 2. d4 d5 3. Nc3 dxe4 4. Nxe4 Qxd4 5. Qxd4 Nxd4 6. Bd3 f5 7. Ng3 Bd7 8.
Be3 e5 9. O-O-O Nxc2 10. Kxc2 f4 11. Bxf4 exf4 12. Re1+ Ne7 13. Re4 fxg3 14.
hxg3 O-O-O 15. Rh5 Bf5 16. Re3 g6 17. Rh4 Bxd3+ 18. Rxd3 Nc6 19. Rxd8+ Kxd8 20.
Ne2 Kc8 21. Nd4 Nxd4+ 22. Rxd4 Bc5 23. Rd2 a5 24. f4 Rf8 25. a4 Re8 26. Rd5 b6
27. g4 Re2+ 28. Rd2 Re4 29. g3 Rxa4 30. g5 Re4 31. Rh2 Re7 32. g4 Bd6 33. Rf2
Re4 34. f5 Rxg4 35. f6 Rxg5 36. f7 Rf5 37. Rxf5 gxf5 0-1

[Event "AUTO-INT-1643"]
[Site "http://www.queenalice.com/game.php?id=747166"]
[Date "2010.3.17"]
[Round "1"]
[White "JMendes"]
[Black "yp"]
[Result "0-1"]
[WhiteElo "1715"]
[BlackElo "1398"]

1. d4 d5 2. e3 Nc6 3. Nf3 Qd6 4. Bb5 Bg4 5. Qd2 O-O-O 6. Bxc6 Qxc6 7. Ne5 Qe6 8.
O-O Bh5 9. f4 f6 10. Nd3 g5 11. fxg5 fxg5 12. Nc3 Nf6 13. Ne5 Ne4 14. Nxe4 dxe4
15. b3 Bg7 16. Qc3 Rd5 17. Bb2 Rf8 18. b4 Rxf1+ 19. Rxf1 Be2 20. Rf2 Bxe5 21.
dxe5 Rd1+ 0-1

[Event "AUTO-INT-1643"]
[Site "http://www.queenalice.com/game.php?id=747167"]
[Date "2010.3.17"]
[Round "1"]
[White "yp"]
[Black "JMendes"]
[Result "0-1"]
[WhiteElo "1440"]
[BlackElo "1654"]

1. e4 e5 2. d4 exd4 3. Qxd4 Nc6 4. Qe3 d6 5. Nf3 Be7 6. Bc4 Nf6 7. Ng5 O-O 8.
Bxf7+ Rxf7 9. Nxf7 Kxf7 10. Bd2 d5 11. Nc3 dxe4 12. Nxe4 Nxe4 13. Qxe4 Kg8 14.
O-O-O Qf8 15. Qd5+ Kh8 16. Bg5 Bxg5+ 17. Qxg5 Bf5 18. Rd5 Bg6 19. Qd2 Be4 20.
Rg5 h6 21. Rg4 Bd5 22. Qf4 Qxf4+ 23. Rxf4 Bxg2 24. Re1 Rd8 25. Rf7 Rc8 26. Ree7
Nxe7 27. Rxe7 c5 28. Re3 c4 29. f4 Rf8 30. Re2 Bd5 31. Rd2 Be4 32. Rd4 Rxf4 33.
Rxc4 Rh4 34. b4 Rf4 35. a4 Rf1+ 36. Kb2 Bg6 37. Rc8+ Kh7 38. Rc7 Be4 39. Re7 Bc6
40. b5 Bd5 41. Re5 Bh1 42. h4 Rf4 43. Kb3 Rxh4 44. Re1 Bd5+ 45. Ka3 Rh2 46. c3
Ra2+ 47. Kb4 Rb2+ 48. Kc5 Bb3 49. Kb4 Be6+ 50. Kc5 Bb3 51. Ra1 Bc2 52. a5 Rb3
53. c4 Rc3 54. a6 Bd3 55. Kd4 Rb3 56. axb7 Be2 57. b8=Q Rd3+ 58. Kc5 Rc3 59.
Rxa7 Rxc4+ 60. Kd5 Rc1 61. Qb7 Bf3+ 62. Kd6 Bxb7 0-1

[Event "AUTO-INT-1643"]
[Site "http://www.queenalice.com/game.php?id=747180"]
[Date "2010.3.17"]
[Round "1"]
[White "yp"]
[Black "thomas01"]
[Result "1-0"]
[WhiteElo "1402"]
[BlackElo "1337"]

1. e4 e5 2. d4 exd4 3. Qxd4 Nc6 4. Qc3 Nf6 5. e5 Nd5 6. Qg3 d6 7. Nf3 f6 8. exf6
Nxf6 9. Bd3 Nh5 10. Qh4 Qe7+ 11. Qe4 Nf6 12. Qxe7+ Bxe7 13. Bc4 d5 14. Bb5 Bd7
15. O-O O-O-O 16. Ng5 Ne5 17. Nc3 Rhg8 18. Bf4 1-0

[Event "AUTO-INT-1643"]
[Site "http://www.queenalice.com/game.php?id=747181"]
[Date "2010.3.17"]
[Round "1"]
[White "thomas01"]
[Black "yp"]
[Result "0-1"]
[WhiteElo "1324"]
[BlackElo "1415"]

1. d4 d5 2. e3 Nc6 3. a3 e5 4. f4 exd4 5. exd4 Qe7+ 6. Be2 Qe4 7. Nf3 Bd6 8. Nc3
Be6 9. Nxe4 dxe4 10. Ng5 h6 11. Nxe4 O-O-O 12. d5 Bc5 13. Bg4 Rxd5 14. Bxe6+
fxe6 15. Qg4 Rd7 16. Nxc5 Nf6 17. Qxg7 Rxg7 18. Nxe6 Re8 0-1

[Event "AUTO-INT-1643"]
[Site "http://www.queenalice.com/game.php?id=747182"]
[Date "2010.3.17"]
[Round "1"]
[White "yp"]
[Black "robinud"]
[Result "0-1"]
[WhiteElo "1404"]
[BlackElo "1829"]

1. e4 e5 2. d4 exd4 3. Qxd4 Nc6 4. Qd2 Bb4 5. c3 Ba5 6. Bc4 Nf6 7. b4 Bb6 8. Qg5
O-O 9. Ba3 Bxf2+ 10. Kxf2 Nxe4+ 11. Kf1 Qxg5 12. Ne2 Qf5+ 13. Ke1 Qf2+ 14. Kd1
Qxg2 15. Re1 Qxh2 16. b5 Nf2+ 17. Kc1 Re8 18. bxc6 bxc6 19. Nd2 d5 20. Nf3 Qh6+
21. Kc2 dxc4 22. Ned4 Qg6+ 0-1

[Event "AUTO-INT-1643"]
[Site "http://www.queenalice.com/game.php?id=747183"]
[Date "2010.3.17"]
[Round "1"]
[White "robinud"]
[Black "yp"]
[Result "1-0"]
[WhiteElo "1853"]
[BlackElo "1399"]

1. e4 d5 2. exd5 Qxd5 3. Nc3 Qe5+ 4. Be2 Bd7 5. Nf3 Qf6 6. d4 Nc6 7. Bg5 Qg6 8.
O-O h6 9. Bh4 Bh3 10. Bg3 Nxd4 11. Nxd4 O-O-O 12. gxh3 e5 13. Bd3 Qd6 14. Ndb5
Qc5 15. Ne4 Qb4 16. Bxe5 Rd5 17. Qg4+ Kd8 18. Bxc7+ Ke7 19. Bd6+ Rxd6 20. Nbxd6
Nf6 21. Nf5+ Kd8 22. Nxf6 Qxg4+ 23. Nxg4 h5 24. Ne5 Kc7 25. Nxf7 g6 26. Nxh8 1-0

[Event "AUTO-INT-1647"]
[Site "http://www.queenalice.com/game.php?id=748908"]
[Date "2010.3.20"]
[Round "1"]
[White "callende"]
[Black "yp"]
[Result "1-0"]
[WhiteElo "1835"]
[BlackElo "1404"]

1. d4 d5 2. c4 Na6 3. c5 Qd7 4. a3 Qc6 5. e3 Qg6 6. Nc3 Be6 7. Nh3 Bg4 8. Nf4
Bxd1 9. Nxg6 hxg6 10. Nxd1 O-O-O 11. c6 e6 12. Nc3 Nb8 13. cxb7+ Kxb7 14. a4 Bb4
15. Rb1 Nd7 16. Be2 Ndf6 17. O-O Bd6 18. h3 g5 19. b4 g4 20. Nb5 gxh3 21. Nxd6+
Rxd6 22. g3 Ne4 23. a5 Nc3 24. Rb2 Nxe2+ 25. Rxe2 a6 26. Ba3 Rc6 27. Rb2 Rc3 28.
Ra2 Rb3 29. Kh2 Ne7 30. b5 Rxb5 31. Bxe7 c6 32. Bh4 f6 33. f4 Rb3 34. Kxh3 Rxe3
35. Rb1+ Ka7 36. Rb6 Rc8 37. Rc2 Ra3 38. Rbxc6 Rxc6 39. Rxc6 Ra4 40. Rc7+ 1-0

[Event "AUTO-INT-1647"]
[Site "http://www.queenalice.com/game.php?id=748909"]
[Date "2010.3.20"]
[Round "1"]
[White "yp"]
[Black "callende"]
[Result "0-1"]
[WhiteElo "1404"]
[BlackElo "1686"]

1. e4 d5 2. Nc3 Nf6 3. d3 Nc6 4. Qf3 Bg4 5. Qf4 e5 6. Qg3 Nd4 7. Qxe5+ Ne6 8.
Qxd5 Nxd5 9. Nxd5 c6 10. h3 Bh5 11. g4 Nd4 12. Ne3 Bg6 13. Bd2 Qf6 14. O-O-O Bc5
15. Bc3 Qxf2 16. Nf5 Qxc2# 0-1

[Event "AUTO-INT-1647"]
[Site "http://www.queenalice.com/game.php?id=748920"]
[Date "2010.3.20"]
[Round "1"]
[White "tayron"]
[Black "yp"]
[Result "0-1"]
[WhiteElo "1322"]
[BlackElo "1433"]

1. d4 d5 2. c4 dxc4 3. Nc3 Nc6 4. Nf3 Nf6 5. Bg5 h6 6. Bxf6 gxf6 7. e4 f5 8. e5
f6 9. Bxc4 fxe5 10. dxe5 e6 11. O-O Bg7 12. Qxd8+ Nxd8 13. Rad1 Nc6 14. Nb5 O-O
15. Rd2 Bxe5 16. Nxe5 Nxe5 17. Be2 Bd7 18. Nxc7 Rac8 19. Nb5 a6 20. Nd6 Rc7 21.
b3 Bb5 22. Nxb5 axb5 23. Bxb5 Kg7 24. Re1 Kf6 25. h3 Rc3 26. Kh2 h5 27. Rb2 f4
28. Rbe2 Nd3 29. Rxe6+ Kf7 30. Re7+ Kf6 0-1

[Event "AUTO-INT-1647"]
[Site "http://www.queenalice.com/game.php?id=748921"]
[Date "2010.3.20"]
[Round "1"]
[White "yp"]
[Black "tayron"]
[Result "1-0"]
[WhiteElo "1445"]
[BlackElo "1310"]

1. e4 c5 2. d4 cxd4 3. Qxd4 Nc6 4. Qa4 Nf6 5. Nc3 g6 6. Bf4 Bg7 7. O-O-O O-O 8.
g4 Qa5 9. Qxa5 Nxa5 10. f3 d6 11. h3 a6 12. Nd5 Be6 13. Nc7 Rac8 14. Nxe6 fxe6
15. b4 Nc4 16. Ne2 d5 17. Nd4 e5 18. Ne6 Rfe8 19. Nxg7 Kxg7 20. Bxc4 dxc4 21.
Bxe5 Kf7 22. Bxf6 exf6 23. Rd7+ Re7 24. Rxe7+ Kxe7 25. Kb2 b5 26. c3 Rd8 27. Rh2
Rd3 28. f4 Re3 29. f5 Rxe4 30. fxg6 hxg6 31. Kc2 1-0

[Event "AUTO-INT-1647"]
[Site "http://www.queenalice.com/game.php?id=748928"]
[Date "2010.3.20"]
[Round "1"]
[White "yp"]
[Black "Scooby_99"]
[Result "1-0"]
[WhiteElo "1370"]
[BlackElo "1578"]

1. e4 e5 2. d4 exd4 3. Qxd4 Nc6 4. Qe3 Nf6 5. Bc4 b6 6. e5 Bc5 7. Qg3 Qe7 8.
Qxg7 Qxe5+ 9. Ne2 Rg8 10. Qxf7+ Kd8 11. Qxh7 d5 12. Qd3 Rxg2 13. Bf4 Qxb2 14.
Bxd5 Nxd5 15. Qxd5+ Bd7 16. Qxg2 Qxa1 17. Qg8+ Be8 18. O-O Qb2 19. Rd1+ Bd6 20.
Bxd6 1-0

[Event "AUTO-INT-1647"]
[Site "http://www.queenalice.com/game.php?id=748929"]
[Date "2010.3.20"]
[Round "1"]
[White "Scooby_99"]
[Black "yp"]
[Result "1-0"]
[WhiteElo "1642"]
[BlackElo "1430"]

1. e4 d5 2. exd5 Qxd5 3. Nf3 Bd7 4. Nc3 Qe6+ 5. Qe2 Qxe2+ 6. Bxe2 Nc6 7. d4 Nb4
8. Bd1 Bf5 9. O-O Bxc2 10. Be2 Bd3 11. Bxd3 Nxd3 12. Be3 Nxb2 13. Rab1 Nc4 14.
Rxb7 c6 15. d5 c5 16. Bxc5 a6 17. Nd4 Nf6 18. Ra7 Rxa7 19. Bxa7 Nd2 20. Rd1 e5
21. Rxd2 Bb4 22. Nf5 g6 23. Rb2 Bxc3 24. Rb8+ Kd7 25. Rxh8 gxf5 26. Be3 f4 27.
Bc1 Kd6 28. Ra8 a5 29. Ra7 Kxd5 30. Rxf7 Ke6 31. Rc7 Bd4 32. Bd2 Ne4 33. Bxa5
Bxf2+ 34. Kf1 h5 35. Rh7 Nf6 36. Kxf2 Nxh7 37. Bb4 Kd5 38. a4 e4 39. a5 Kc6 40.
Ke2 Nf6 41. Bd2 Kb5 42. Bxf4 Kxa5 43. Be5 Ng4 44. Bd6 Nxh2 45. Bxh2 1-0

[Event "Challenge"]
[Site "http://www.queenalice.com/game.php?id=758628"]
[Date "2010.4.9"]
[Round "-"]
[White "rconley23"]
[Black "yp"]
[Result "0-1"]
[WhiteElo "1237"]
[BlackElo "1432"]

1. e4 d5 2. d4 dxe4 3. Bc4 Be6 4. Qh5 Bxc4 5. Nd2 Nf6 6. Qe5 Bd5 7. Nb3 Nc6 8.
Qf4 Qd6 9. Nh3 Qxf4 10. Nxf4 O-O-O 11. O-O Bc4 12. Rd1 e5 13. dxe5 Rxd1# 0-1

[Event "Let's Play Chess!"]
[Site "http://www.queenalice.com/game.php?id=765271"]
[Date "2010.4.23"]
[Round "-"]
[White "Capixaba789"]
[Black "yp"]
[Result "1-0"]
[WhiteElo "1782"]
[BlackElo "1427"]

1. e4 d5 2. exd5 Qxd5 3. Nc3 Qe6+ 4. Be2 Nh6 5. d4 Nf5 6. Nf3 Nc6 7. O-O Qd6 8.
Be3 Nxe3 9. fxe3 Bd7 10. Ne4 Qb4 11. b3 Bf5 12. c3 Qa5 13. Bd3 Qxc3 14. Rc1 Qa5
15. a4 O-O-O 16. Nc5 g6 17. Bc4 e6 18. Qe2 Bxc5 19. dxc5 Qxc5 20. Bxe6+ fxe6 21.
Rxc5 Bd3 22. Qb2 Rhg8 23. Rfc1 h5 24. Nd4 Nxd4 25. Rxc7+ Kb8 26. exd4 Rc8 27.
Rxc8+ Rxc8 28. Rxc8+ Kxc8 29. Qc3+ 1-0